Giáo trình kỹ thuật lắp đặt điện

محفوظ في:
التفاصيل البيبلوغرافية
المؤلف الرئيسي: Phan Đăng Khải
التنسيق: كتاب
اللغة:Undetermined
منشور في: H. Giáo dục 2003
الموضوعات:
الوسوم: إضافة وسم
لا توجد وسوم, كن أول من يضع وسما على هذه التسجيلة!
Thư viện lưu trữ: Trung tâm Học liệu Trường Đại học Cần Thơ
LEADER 00582nam a2200205Ia 4500
001 CTU_59935
008 210402s9999 xx 000 0 und d
020 |b 14800 
082 |a 621.3192 
082 |b Kh103 
100 |a Phan Đăng Khải 
245 0 |a Giáo trình kỹ thuật lắp đặt điện 
245 0 |c Phan Đăng Khải 
260 |a H. 
260 |b Giáo dục 
260 |c 2003 
650 |a electric engineering,electric networks 
650 |x equipment and supplies 
904 |i Minh 
980 |a Trung tâm Học liệu Trường Đại học Cần Thơ